| 000 | 00755nam a2200241Ia 4500 | ||
|---|---|---|---|
| 001 | 20176 | ||
| 003 | DO-CoUTE | ||
| 005 | 20260204212631.0 | ||
| 008 | 220104s9999 dr 000 0 spa d | ||
| 020 | _a978-84-9171-062-2 | ||
| 040 |
_aDO-CoUTE _bspa _cDO-CoUTE |
||
| 041 | 0 | _aspa | |
| 082 | _a372.3 R621d | ||
| 100 | 1 | _aRivero García, Ana | |
| 245 | 1 | 0 | _aDidáctica de las ciencias experimentales en educación primaria / Ana Rivera García, Rosa Martin del Pozo, Emilio Solis Ramirez, Rafael Porlán Areza |
| 260 | _aMadrid, España: Sintesis | ||
| 300 | _a268 páginas | ||
| 505 | _aIncluye índice | ||
| 650 | 4 | _aExperimentación Cientifica | |
| 942 |
_2ddc _cBK |
||
| 999 |
_c21491 _d21491 |
||